| 000 | 00571cam a2200169 a 4500 | ||
|---|---|---|---|
| 020 | _a0408013575 (pbk.) | ||
| 082 | 0 | 0 |
_a624.170285424 _bAND _cL-20, P-158. |
| 100 | 1 |
_aAndrews, K. R. F. _942704 |
|
| 245 | 1 | 0 |
_aBASIC theory of structures / _cK.R.F. Andrews. |
| 260 |
_aLondon ; _aBoston : _bButterworths, _c1985. |
||
| 300 |
_a144 p. : _bill. ; _c22 cm. |
||
| 526 |
_a0 _b0 _c0 _d624_170285424000000_AND |
||
| 650 | 0 |
_aBASIC (Computer program language) _9783 |
|
| 650 | 0 |
_aMCE _9379 |
|
| 650 | 0 |
_aStructural analysis (Engineering) _xComputer programs. _942705 |
|
| 942 |
_2ddc _cBK |
||
| 999 |
_c546549 _d546549 |
||